000 00652nam a2200205Ia 4500
001 10081
003 GE_BSU
008 181216s||||||||xx |||||||||||||| ||und||
040 _cGE_BSU
080 _a821.353.1–1
100 _aპატარაია,ვასო
245 _aსატირა და იუმორი
245 _cრედ.ზ.აბესაძე.მხატვ.მ.ჯაბუა
260 _aთბილისი
260 _bსაბჭოთა საქართველო
260 _c1974
300 _a285გვ.ილ.17სმ.
653 _aსატირა და იუმორი
942 _cBK
999 _c43353
_d43353